000 00946nam a2200265Ia 4500
003 OSt
005 20221005111054.0
006 a|||||r|||| 00| 0
007 ta
008 221004b |||||||| |||| 00| 0 hin d
020 _a9788183613958 (hbk)
_c400
024 _a15813
037 _bBR6162, 24/12/2014, Rajkamal Prakashan Pvt. Ltd.
_cTextual
040 _aCRL
_cCRL
_bhin
041 _2hin
_ahin
082 _aO168,1NNIx, 152Q0
100 _aनिगार, ज़ोहरा
245 0 _aशाम का पहला तारा
246 _aShām kā pahalā tārā
260 _aनई दिल्ली
_bराधाकृष्ण भारत
_c2010
300 _a131पृ0
_ccm.
650 _aउर्दू साहित्य
942 _hO168,1NNIx, 152Q0
_cTEXL
_2cc
999 _c1020715
_d1020715